000 00785nam a22002177a 4500
003 JO-AjAnu
005 20241019120746.0
008 241019b jo ||||| |||| 00| 0 ara d
020 _a9789957608958
040 _aJO-AjAnu
_bara
_cJO-AjAnu
_dJO-AjAnu
_erda
041 _aara
_hara
050 _aN6260.
_bY87 2019
100 1 _aيوسف، مروة نزار
_eمؤلف
_966325
245 0 _aالمنظومة التخيلية في الفن الاسلامي /
_cتأليف مروة نزار يوسف
250 _aالطبعة الاولى
260 _aعمان :
_bالدار المنهجية للنشر والتوزيع،
_c2019
300 _a320 صفحة
504 _aيحتوي على مراجع
650 7 0 _aالفن الاسلامي- فلسفة
_966328
942 _2lcc
_cBK
_n0
999 _c33763
_d33763